[Event "HUN-chT2 Breyer 1516"]
[Site "Hungary"]
[Date "2016.03.20"]
[Round "9.9"]
[White "Kovacs, Gabor"]
[Black "Szobi, Zoltan"]
[Result "0-1"]
[WhiteElo "1674"]
[BlackElo "2006"]
[PlyCount "92"]
[EventDate "2015.09.13"]
[EventType "team-tourn"]
[EventRounds "11"]
[EventCountry "HUN"]
[SourceTitle "EXT 2017"]
[Source "ChessBase"]
[SourceDate "2016.10.25"]
[SourceVersion "1"]
[SourceVersionDate "2016.10.25"]
[SourceQuality "1"]
[WhiteTeam "TTC Sakk"]
[BlackTeam "Naszaly Geniusz Tata"]
[WhiteTeamCountry "HUN"]
[BlackTeamCountry "HUN"]

1. c4 Nf6 2. Nf3 b6 3. Nc3 Bb7 4. e3 e6 5. a3 d5 6. Qc2 Nbd7 7. cxd5 exd5 8. Be2 Be7 9. 0-0 0-0 10. d3 Re8 11. b3 c5 12. Qd1 Rc8 13. Bd2 Bd6 14. Rc1 Bb8 15. d4 Ne4 16. g3 Ndf6 17. Kg2 Qe7 18. Ng1 cxd4 19. exd4 Nxd2 20. Qxd2 Qxa3 21. Ra1 Qxb3 22. Rfc1 Ne4 23. Nxe4 dxe4 24. Qe3 Qxe3 25. fxe3 Rxc1 26. Rxc1 Rc8 27. Rxc8+ Bxc8 28. Bc4 Kf8 29. Ne2 g5 30. Nc3 f5 31. d5 Ke7 32. Nb5 a6 33. Nd4 Be5 34. Nc6+ Kd6 35. Nd8 Bf6 36. Nf7+ Kc5 37. Ba2 b5 38. h4 gxh4 39. gxh4 Bxh4 40. Kh3 Bf2 41. Ng5 Bxe3 42. Nxh7 a5 43. Nf6 a4 44. Kg2 b4 45. Kf1 b3 46. Bb1 a3 0-1

[Event "HUN-chT2 Toth 1415"]
[Site "Hungary"]
[Date "2015.04.26"]
[Round "11.5"]
[White "Kovacs, Gabor"]
[Black "Nagy, Dani Karoly"]
[Result "0-1"]
[WhiteElo "2002"]
[BlackElo "1907"]
[PlyCount "38"]
[EventDate "2014.09.07"]
[EventType "team-tourn"]
[EventRounds "11"]
[EventCountry "HUN"]
[SourceTitle "EXT 2016"]
[Source "ChessBase"]
[SourceDate "2015.10.08"]
[SourceVersion "1"]
[SourceVersionDate "2015.10.08"]
[SourceQuality "1"]
[WhiteTeam "Toth Laszlo"]
[BlackTeam "Roszke"]
[WhiteTeamCountry "HUN"]
[BlackTeamCountry "HUN"]

1. e4 e6 2. d4 d5 3. Nc3 Bb4 4. e5 c5 5. Bd2 Bd7 6. Nb5 Bxb5 7. Bxb5+ Nc6 8. c3 Ba5 9. Qa4 Nge7 10. dxc5 0-0 11. f4 a6 12. Bd3 d4 13. Qc2 g6 14. b4 dxc3 15. Bxc3 Nxb4 16. Bxb4 Bxb4+ 17. Ke2 Qd4 18. Nf3 Qxf4 19. Qa4 Nd5 0-1

[Event "HUN-chT2 Toth 1314"]
[Site "Hungary"]
[Date "2014.03.02"]
[Round "8.6"]
[White "Gombos, Janos"]
[Black "Kovacs, Gabor"]
[Result "0-1"]
[WhiteElo "2024"]
[BlackElo "1964"]
[PlyCount "80"]
[EventDate "2013.09.08"]
[EventType "team-tourn"]
[EventRounds "11"]
[EventCountry "HUN"]
[SourceTitle "EXT 2016"]
[Source "ChessBase"]
[SourceDate "2015.10.08"]
[SourceVersion "1"]
[SourceVersionDate "2015.10.08"]
[SourceQuality "1"]
[WhiteTeam "Gyula"]
[BlackTeam "Toth Laszlo II"]
[WhiteTeamCountry "HUN"]
[BlackTeamCountry "HUN"]

1. e4 c5 2. Nf3 e6 3. d4 cxd4 4. Nxd4 a6 5. Bd3 Nf6 6. 0-0 Qc7 7. c4 b6 8. Nc3 Bb7 9. Qe2 d6 10. f4 Nbd7 11. Nb3 Be7 12. Be3 0-0 13. Rac1 Rac8 14. h3 Qb8 15. Bf2 Bd8 16. Rfe1 Bc7 17. Red1 Rfe8 18. Be3 Qa8 19. Bf2 g6 20. Bh4 Nh5 21. Qd2 Bd8 22. Bxd8 Rcxd8 23. Qf2 Nc5 24. Bc2 Qb8 25. Nxc5 dxc5 26. e5 Rxd1+ 27. Rxd1 Rd8 28. g4 Ng7 29. Qe2 Rd4 30. Rxd4 cxd4 31. Ne4 Bxe4 32. Qxe4 Qd8 33. Kf1 Ne8 34. Ke2 Nc7 35. g5 a5 36. Kd3 Na6 37. Kd2 Nc5 38. Qc6 d3 39. Bd1 Qd4 40. Qxb6 Ne4+ 0-1

[Event "Budapest FS02 FM-A"]
[Site "Budapest"]
[Date "2004.02.17"]
[Round "10"]
[White "Kovacs, Gabor"]
[Black "Horvath, Gabor"]
[Result "1-0"]
[WhiteElo "2166"]
[BlackElo "2152"]
[PlyCount "53"]
[EventDate "2004.02.07"]
[EventType "tourn"]
[EventRounds "11"]
[EventCountry "HUN"]
[SourceTitle "CBM 098 Extra"]
[Source "ChessBase"]
[SourceDate "2004.03.10"]
[SourceVersion "2"]
[SourceVersionDate "2004.03.10"]
[SourceQuality "1"]

1. e4 e6 2. d4 d5 3. Nc3 Bb4 4. Qd3 dxe4 5. Qxe4 Nf6 6. Qh4 Nbd7 7. a3 Bxc3+ 8. bxc3 c5 9. Bd3 c4 10. Be2 Qa5 11. Bd2 Qa4 12. Nf3 b6 13. Ne5 Ba6 14. Qg3 Nxe5 15. Qxg7 0-0-0 16. Qxf6 Nd7 17. Qf4 f6 18. Bf3 e5 19. Qe4 exd4 20. Qa8+ Nb8 21. Bg4+ Rd7 22. Bf4 Re8+ 23. Kf1 Re5 24. Bxe5 fxe5 25. Qxa7 d3 26. Qxb6 Bb7 27. Rb1 1-0

[Event "Budapest FS02 FM-A"]
[Site "Budapest"]
[Date "2004.02.12"]
[Round "5"]
[White "Kovacs, Gabor"]
[Black "Kertesz, Zsolt"]
[Result "1-0"]
[WhiteElo "2166"]
[BlackElo "2104"]
[PlyCount "87"]
[EventDate "2004.02.07"]
[EventType "tourn"]
[EventRounds "11"]
[EventCountry "HUN"]
[SourceTitle "CBM 098 Extra"]
[Source "ChessBase"]
[SourceDate "2004.03.10"]
[SourceVersion "2"]
[SourceVersionDate "2004.03.10"]
[SourceQuality "1"]

1. e4 g6 2. d4 Bg7 3. Nc3 d6 4. Be3 a6 5. h4 h5 6. Qd2 b5 7. Nh3 Bb7 8. f3 Nd7 9. a4 b4 10. Nd1 c5 11. Ng5 e6 12. c3 bxc3 13. bxc3 Ne7 14. Bd3 Qc7 15. 0-0 0-0 16. Nf2 d5 17. e5 Qa5 18. Rfb1 Bc6 19. g4 hxg4 20. fxg4 Nb6 21. h5 cxd4 22. cxd4 Qxd2 23. Bxd2 Nc4 24. Bb4 Rfe8 25. Bc5 a5 26. Rc1 Rab8 27. Bxc4 dxc4 28. Rxc4 Bd5 29. Rc2 gxh5 30. gxh5 Nf5 31. Ng4 Rb3 32. Kh2 Reb8 33. Rac1 Nh6 34. Rg1 Rb2 35. Nxh6+ Bxh6 36. Rxb2 Rxb2+ 37. Kh3 Rb3+ 38. Kh4 Rb2 39. Ne4+ Kh8 40. Nf6 Rg2 41. Rb1 Bg5+ 42. Kh3 Kg7 43. Nxd5 Rd2 44. Nf6 1-0

[Event "Budapest FS02 FM-A"]
[Site "Budapest"]
[Date "2004.02.11"]
[Round "4"]
[White "Koczo, Kristof"]
[Black "Kovacs, Gabor"]
[Result "1-0"]
[WhiteElo "2173"]
[BlackElo "2166"]
[PlyCount "119"]
[EventDate "2004.02.07"]
[EventType "tourn"]
[EventRounds "11"]
[EventCountry "HUN"]
[SourceTitle "CBM 098 Extra"]
[Source "ChessBase"]
[SourceDate "2004.03.10"]
[SourceVersion "2"]
[SourceVersionDate "2004.03.10"]
[SourceQuality "1"]

1. d4 d5 2. c4 e6 3. Nc3 c5 4. cxd5 exd5 5. Nf3 Nc6 6. g3 Nf6 7. Bg2 Be7 8. 0-0 0-0 9. Bg5 cxd4 10. Nxd4 h6 11. Be3 Re8 12. Rc1 Bg4 13. h3 Be6 14. Nxc6 bxc6 15. Na4 Qd7 16. Kh2 Rab8 17. Bc5 Rec8 18. Qd4 Ne8 19. Bxe7 Qxe7 20. Nc5 Nd6 21. b3 Rb5 22. a4 Rb6 23. Qe5 Kf8 24. f4 Nb7 25. Nxe6+ Qxe6 26. Qxe6 fxe6 27. f5 Ke7 28. fxe6 Kxe6 29. e4 d4 30. Bf3 Rd8 31. Bh5 d3 32. Rc3 Na5 33. Bg4+ Ke7 34. Rd1 Rxb3 35. Rc5 Rb2+ 36. Kg1 Nb3 37. Rxc6 Rc2 38. Re6+ Kf8 39. Rf1+ Kg8 40. Re7 Kh8 41. Rxa7 Nd2 42. Rd1 Nxe4 43. Bf5 Rd2 44. Rxd2 Nxd2 45. Rd7 Rxd7 46. Bxd7 Ne4 47. a5 Nc5 48. Bg4 Kg8 49. Kf2 Kf7 50. Ke3 Ke7 51. Bf5 d2 52. Bc2 Kd6 53. Kxd2 Kc6 54. Ke3 Kb5 55. Kf4 Ne6+ 56. Ke5 Ng5 57. h4 Nf3+ 58. Ke4 Nd2+ 59. Kf5 Nf1 60. Bd3+ 1-0

[Event "HUN-chT2 9798"]
[Site "Hungary"]
[Date "1998.??.??"]
[Round "?"]
[White "Neber, Akos"]
[Black "Kovacs, Gabor"]
[Result "0-1"]
[WhiteElo "2080"]
[BlackElo "2325"]
[PlyCount "112"]
[EventDate "1997.??.??"]
[EventType "team"]
[EventRounds "11"]
[EventCountry "HUN"]
[SourceTitle "EXT 1999"]
[Source "ChessBase"]
[SourceDate "1998.11.16"]
[SourceVersion "1"]
[SourceVersionDate "1998.11.16"]
[SourceQuality "1"]

1. e4 e5 2. Nf3 Nc6 3. d4 exd4 4. Bc4 Nf6 5. e5 d5 6. Bb5 Ne4 7. Nxd4 Bd7 8. Bxc6 bxc6 9. 0-0 Bc5 10. c3 0-0 11. Be3 Bb6 12. f3 Nc5 13. b4 Ne6 14. f4 f6 15. Nd2 a5 16. N2f3 axb4 17. cxb4 Ra3 18. Qd2 Qa8 19. Bf2 Nxd4 20. Nxd4 Qa6 21. Nb3 Bf5 22. Nc5 Qb5 23. Bd4 Rd3 24. Qb2 Qc4 25. Rad1 Ra8 26. a4 Rxa4 27. Rxd3 Bxd3 28. Rc1 Qxb4 29. Qxb4 Rxb4 30. Bf2 Bb5 31. e6 Rxf4 32. Re1 Kf8 33. Nd7+ Ke7 34. Nxb6 cxb6 35. Bxb6 Re4 36. Rxe4 dxe4 37. Kf2 Kxe6 38. Ke3 Kd5 39. h4 h5 40. Bd8 c5 41. Be7 c4 42. Bf8 g6 43. Bg7 Ke5 44. Bf8 c3 45. Bb4 c2 46. Bd2 Kf5 47. g3 Bc6 48. Bc1 Kg4 49. Kf2 g5 50. hxg5 fxg5 51. Bd2 h4 52. gxh4 gxh4 53. Bc1 h3 54. Bd2 h2 55. Kg2 h1Q+ 56. Kxh1 Kf3 0-1

[Event "Papp Bela Memorial"]
[Site "Budapest"]
[Date "1997.??.??"]
[Round "?"]
[White "Binder, Tamas"]
[Black "Kovacs, Gabor"]
[Result "1-0"]
[WhiteElo "2225"]
[BlackElo "2325"]
[PlyCount "47"]
[EventDate "1997.??.??"]
[EventType "swiss"]
[EventRounds "11"]
[EventCountry "HUN"]
[SourceTitle "EXT 2002"]
[Source "ChessBase"]
[SourceDate "2001.11.25"]
[SourceVersion "1"]
[SourceVersionDate "2001.11.25"]
[SourceQuality "1"]

1. e4 Nf6 2. e5 Nd5 3. d4 d6 4. exd6 cxd6 5. Nf3 g6 6. Be2 Bg7 7. 0-0 0-0 8. c4 Nb6 9. Nc3 Bg4 10. Be3 Nc6 11. b3 f5 12. Ng5 Bxe2 13. Nxe2 Qc8 14. d5 Bxa1 15. Qxa1 Ne5 16. h3 Nbd7 17. Ne6 Rf7 18. Qc3 Nf6 19. Bd4 Ned7 20. Ng5 Rf8 21. Qg3 Ne4 22. Nxe4 fxe4 23. Nf4 Nc5 24. Nxg6 1-0

[Event "Papp Bela Memorial"]
[Site "Budapest"]
[Date "1997.??.??"]
[Round "?"]
[White "Kovacs, Gabor"]
[Black "Ladanyi, Tibor"]
[Result "1/2-1/2"]
[WhiteElo "2325"]
[BlackElo "2280"]
[PlyCount "52"]
[EventDate "1997.??.??"]
[EventType "swiss"]
[EventRounds "11"]
[EventCountry "HUN"]
[SourceTitle "EXT 2002"]
[Source "ChessBase"]
[SourceDate "2001.11.25"]
[SourceVersion "1"]
[SourceVersionDate "2001.11.25"]
[SourceQuality "1"]

1. e4 c5 2. Nf3 Nc6 3. Nc3 e5 4. Bc4 d6 5. d3 h6 6. Nd2 Be7 7. Nf1 Bg5 8. Ne3 Nge7 9. 0-0 0-0 10. a3 Bd7 11. Ncd5 Rb8 12. f4 exf4 13. Nxf4 Ne5 14. Ba2 Qc8 15. c3 Bxf4 16. Rxf4 Be6 17. Bb1 N5g6 18. Rf2 f5 19. exf5 Nxf5 20. d4 cxd4 21. Nxf5 Bxf5 22. Ba2+ Be6 23. Bb1 Rxf2 24. Kxf2 Bf5 25. Ba2+ Be6 26. Bb1 Bf5 1/2-1/2

[Event "Papp Bela Memorial"]
[Site "Budapest"]
[Date "1997.??.??"]
[Round "?"]
[White "Kovacs, Gabor"]
[Black "Szeberenyi, Adam"]
[Result "1/2-1/2"]
[WhiteElo "2325"]
[BlackElo "2225"]
[PlyCount "95"]
[EventDate "1997.??.??"]
[EventType "swiss"]
[EventRounds "11"]
[EventCountry "HUN"]
[SourceTitle "EXT 2002"]
[Source "ChessBase"]
[SourceDate "2001.11.25"]
[SourceVersion "1"]
[SourceVersionDate "2001.11.25"]
[SourceQuality "1"]

1. d4 f5 2. Nf3 Nf6 3. g3 g6 4. Bg2 Bg7 5. 0-0 0-0 6. b3 d6 7. Bb2 Ng4 8. h3 Nh6 9. Qd2 Nf7 10. c4 e5 11. dxe5 dxe5 12. Qc2 c6 13. Rd1 Qc7 14. Nc3 Be6 15. Rd2 Nd7 16. Rad1 Nf6 17. Ba3 Rfd8 18. e4 Rxd2 19. Rxd2 Bh6 20. Re2 f4 21. Na4 fxg3 22. fxg3 b6 23. Bb2 Nh5 24. Kh2 Rd8 25. Bc3 Bf8 26. Nb2 Bc5 27. Rd2 Bd4 28. Nd3 c5 29. Re2 Nf6 30. Bd2 h6 31. Nf2 Kg7 32. Nd1 Qb7 33. Nc3 Nd6 34. a4 a6 35. Qc1 Rh8 36. g4 h5 37. g5 Ng4+ 38. Kh1 Nf2+ 39. Kh2 Ng4+ 40. Kh1 Nf2+ 41. Kh2 Qf7 42. Qe1 Nd3 43. Qg3 Nf4 44. Bxf4 exf4 45. Qe1 Bg4 46. Nd5 Bxf3 47. Bxf3 Be5 48. Qc1 1/2-1/2

[Event "Papp Bela Memorial"]
[Site "Budapest"]
[Date "1996.??.??"]
[Round "8"]
[White "Kovacs, Gabor"]
[Black "Pinter, Gabor"]
[Result "1-0"]
[WhiteElo "2305"]
[BlackElo "2195"]
[PlyCount "115"]
[EventDate "1996.07.??"]
[EventType "swiss"]
[EventRounds "9"]
[EventCountry "HUN"]
[SourceTitle "EXT 2004"]
[Source "ChessBase"]
[SourceDate "2003.11.25"]
[SourceVersion "1"]
[SourceVersionDate "2003.11.25"]
[SourceQuality "1"]

1. e4 c5 2. Nf3 e6 3. b3 Nc6 4. Bb2 d6 5. d4 cxd4 6. Nxd4 Nxd4 7. Qxd4 e5 8. Qd3 Nf6 9. c4 Be7 10. Nc3 Be6 11. Be2 0-0 12. 0-0 Nd7 13. Bf3 Nc5 14. Qe2 Rb8 15. Rfd1 f5 16. exf5 Bxf5 17. Ne4 Qb6 18. Nxc5 Qxc5 19. Rd5 Qb6 20. Rf1 Be6 21. Rd3 Rf7 22. Bd5 Bxd5 23. Rxd5 Rbf8 24. Bc1 Bd8 25. Be3 Qc6 26. Rfd1 Rf6 27. Qd2 Bb6 28. Rxd6 Rxf2 29. Qxf2 Rxf2 30. Rxc6 Bxe3 31. Rcd6 Rxa2+ 32. Kh1 Bd4 33. h3 b6 34. Rd8+ Kf7 35. Rd7+ Kg6 36. Kh2 a5 37. Rf1 Rf2 38. Rxf2 Bxf2 39. Re7 Kf6 40. Re8 Bd4 41. Kg3 Kf7 42. Rh8 h6 43. Kf3 Ke7 44. Ke4 Ke6 45. Rc8 Kf6 46. Rc6+ Kf7 47. Kf5 Kf8 48. Rc7 Bc3 49. Rb7 Bd4 50. g4 Bc5 51. Kxe5 Kg8 52. h4 Bf2 53. h5 Be3 54. Kf5 Bd4 55. Kg6 Kf8 56. Rf7+ Kg8 57. Rd7 Bf6 58. Rd6 1-0

[Event "Papp Bela Memorial"]
[Site "Budapest"]
[Date "1996.??.??"]
[Round "6"]
[White "Kovacs, Gabor"]
[Black "Schlusnik, Nandor"]
[Result "1/2-1/2"]
[WhiteElo "2285"]
[BlackElo "2225"]
[PlyCount "81"]
[EventDate "1996.07.??"]
[EventType "swiss"]
[EventRounds "9"]
[EventCountry "HUN"]
[SourceTitle "EXT 2004"]
[Source "ChessBase"]
[SourceDate "2003.11.25"]
[SourceVersion "1"]
[SourceVersionDate "2003.11.25"]
[SourceQuality "1"]

1. d4 d5 2. Nf3 e6 3. Bg5 f6 4. Bh4 c5 5. e3 Ne7 6. c3 b6 7. Nbd2 Bb7 8. Bd3 Nbc6 9. Bg3 g6 10. h4 cxd4 11. exd4 h5 12. Qc2 Kf7 13. 0-0 Rc8 14. a3 Nf5 15. Bxf5 gxf5 16. Rfe1 Bd6 17. Bxd6 Qxd6 18. Qd3 Rhg8 19. Kh1 Rg6 20. Rg1 Rcg8 21. g3 Ne7 22. Qe3 f4 23. Qxf4 Qxf4 24. gxf4 Rg4 25. Nf1 Rxf4 26. Rxg8 Kxg8 27. Kg2 Nf5 28. Ne3 Nxe3+ 29. fxe3 Rg4+ 30. Kf2 Kf7 31. Rh1 Ba6 32. Rh3 Bd3 33. Nh2 Rg6 34. Rg3 Be4 35. Rxg6 Kxg6 36. Kg3 Kf5 37. Nf1 Bc2 38. Nd2 b5 39. Kf3 Bd1+ 40. Kg3 Bc2 41. Kf3 1/2-1/2

[Event "HUN-chT"]
[Site "Hungary"]
[Date "1995.??.??"]
[Round "?"]
[White "Forgacs, Jozsef"]
[Black "Kovacs, Gabor"]
[Result "1/2-1/2"]
[WhiteElo "2300"]
[BlackElo "2230"]
[PlyCount "110"]
[EventDate "1995.??.??"]
[EventType "team"]
[EventRounds "13"]
[EventCountry "HUN"]
[SourceTitle "EXT 1997"]
[Source "ChessBase"]
[SourceDate "1996.11.15"]
[SourceVersion "1"]
[SourceVersionDate "1996.11.15"]
[SourceQuality "1"]

1. d4 Nf6 2. c4 e6 3. Nf3 Bb4+ 4. Nbd2 0-0 5. a3 Be7 6. e3 b6 7. Bd3 Bb7 8. 0-0 c5 9. b3 cxd4 10. exd4 d5 11. Bb2 Nc6 12. Rc1 Rc8 13. Qe2 dxc4 14. bxc4 Na5 15. Rfe1 Bd6 16. Ne5 Qe7 17. Qe3 Rfd8 18. Qh3 Bxe5 19. dxe5 Nh5 20. Bxh7+ Kxh7 21. Qxh5+ Kg8 22. Ne4 Bxe4 23. Rxe4 g6 24. Qg4 Nb3 25. Rce1 Nc5 26. h4 Nxe4 27. Rxe4 Qd7 28. Rd4 Qa4 29. Rd6 Qc2 30. Qg5 Rxd6 31. exd6 Qd1+ 32. Kh2 Qxd6+ 33. Be5 Qf8 34. h5 Kh7 35. g4 gxh5 36. Kg3 h4+ 37. Qxh4+ Qh6 38. Qe7 Qg6 39. f3 Kg8 40. Qd7 Rf8 41. Bd6 Ra8 42. Qc6 Rd8 43. Bc7 Rd3 44. Be5 Kh7 45. Qe8 f6 46. Qe7+ Qg7 47. Qe8 Qg6 48. Qe7+ Kg8 49. Qxe6+ Qf7 50. Qf5 Rxa3 51. Bxf6 Ra5 52. Qc8+ Qf8 53. Qc6 Qf7 54. Qc8+ Qf8 55. Qc6 Qf7 1/2-1/2

[Event "HUN-chT3"]
[Site "Hungary"]
[Date "1995.??.??"]
[Round "?"]
[White "Gallai, Janos"]
[Black "Kovacs, Gabor"]
[Result "1/2-1/2"]
[WhiteElo "2290"]
[BlackElo "2250"]
[PlyCount "20"]
[EventDate "1995.??.??"]
[EventType "team"]
[EventRounds "11"]
[EventCountry "HUN"]
[SourceTitle "EXT 2001"]
[Source "ChessBase"]
[SourceDate "2000.11.22"]
[SourceVersion "1"]
[SourceVersionDate "2000.11.22"]
[SourceQuality "1"]

1. d4 Nf6 2. e3 g6 3. Bd3 Bg7 4. f4 d6 5. Nf3 c5 6. c3 cxd4 7. exd4 Nc6 8. 0-0 0-0 9. Nbd2 e5 10. dxe5 dxe5 1/2-1/2

[Event "Balatonbereny op"]
[Site "Balatonbereny"]
[Date "1995.??.??"]
[Round "7"]
[White "Gross, Stefan"]
[Black "Kovacs, Gabor"]
[Result "1-0"]
[WhiteElo "2350"]
[BlackElo "2205"]
[PlyCount "77"]
[EventDate "1995.??.??"]
[EventType "swiss"]
[EventRounds "9"]
[EventCountry "HUN"]
[SourceTitle "CBM 049 Extra"]
[Source "ChessBase"]
[SourceDate "1996.01.01"]
[SourceVersion "1"]
[SourceVersionDate "1996.01.01"]
[SourceQuality "1"]

1. e4 e5 2. Nf3 Nc6 3. Bb5 a6 4. Ba4 Nf6 5. Qe2 b5 6. Bb3 Be7 7. a4 Bb7 8. d3 0-0 9. 0-0 d6 10. c3 Na5 11. Bc2 c5 12. Rd1 Qc7 13. Bg5 h6 14. Bh4 Nh7 15. Bg3 Rac8 16. Nbd2 b4 17. Nb3 c4 18. Nxa5 Qxa5 19. dxc4 bxc3 20. b3 Rfd8 21. Bd3 Ng5 22. b4 Nxf3+ 23. Qxf3 Qb6 24. a5 Qd4 25. h4 c2 26. Bxc2 Qxc4 27. Bb3 Bxe4 28. Bxc4 Bxf3 29. Bxa6 Ra8 30. gxf3 Rxa6 31. b5 Raa8 32. f4 f6 33. f5 d5 34. Kg2 Bb4 35. a6 Bc3 36. Ra3 Bd4 37. f4 exf4 38. Rxd4 fxg3 39. b6 1-0

[Event "HUN-chT"]
[Site "Hungary"]
[Date "1995.??.??"]
[Round "?"]
[White "Kovacs, Gabor"]
[Black "Brandics, Jozsef"]
[Result "1/2-1/2"]
[WhiteElo "2230"]
[BlackElo "2300"]
[PlyCount "125"]
[EventDate "1995.??.??"]
[EventType "team"]
[EventRounds "13"]
[EventCountry "HUN"]
[SourceTitle "EXT 1997"]
[Source "ChessBase"]
[SourceDate "1996.11.15"]
[SourceVersion "1"]
[SourceVersionDate "1996.11.15"]
[SourceQuality "1"]

1. d4 c5 2. e4 cxd4 3. Nf3 d5 4. Qxd4 Nf6 5. exd5 Qxd5 6. Qxd5 Nxd5 7. Bc4 Nb6 8. Bb3 Nc6 9. Bf4 Bg4 10. Nbd2 f6 11. h3 Bh5 12. Be3 e5 13. Ne4 0-0-0 14. 0-0 Bxf3 15. gxf3 Nd4 16. Kg2 Nd5 17. Bxd5 Rxd5 18. Rad1 Rd7 19. c3 Nc6 20. Rxd7 Kxd7 21. f4 exf4 22. Bxf4 Ke6 23. Rd1 Be7 24. Be3 b6 25. Kf3 g5 26. Ke2 h6 27. f4 Rg8 28. Kf3 f5 29. Nf2 Bd6 30. Rg1 Be7 31. Nd3 Bf6 32. Nf2 Ne7 33. Re1 Kd6 34. Rd1+ Kc6 35. Bd4 Bxd4 36. Rxd4 Nd5 37. Nd3 g4+ 38. hxg4 fxg4+ 39. Kg3 Ne3 40. Ne5+ Kc5 41. Nd3+ Kb5 42. Re4 Nf5+ 43. Kg2 g3 44. Re5+ Kc4 45. Rxf5 Kxd3 46. Rf7 h5 47. Rh7 Ke4 48. Rxh5 Kxf4 49. Rh4+ Ke3 50. Rh7 Rf8 51. Re7+ Kd3 52. Kxg3 Rf5 53. Rxa7 Rb5 54. b3 Kxc3 55. Kf3 Re5 56. Rg7 Kb2 57. Rg2+ Ka3 58. Kf4 Re6 59. Kf5 Rc6 60. Ke4 b5 61. Kd5 Rc1 62. Kd4 b4 63. Rd2 1/2-1/2

[Event "Papp Bela Memorial"]
[Site "Hungary"]
[Date "1995.??.??"]
[Round "?"]
[White "Kovacs, Gabor"]
[Black "Csiszar, Csaba"]
[Result "1/2-1/2"]
[WhiteElo "2255"]
[BlackElo "2390"]
[PlyCount "111"]
[EventDate "1995.??.??"]
[EventType "swiss"]
[EventRounds "9"]
[EventCountry "HUN"]
[SourceTitle "EXT 1999"]
[Source "ChessBase"]
[SourceDate "1998.11.16"]
[SourceVersion "1"]
[SourceVersionDate "1998.11.16"]
[SourceQuality "1"]

1. d4 Nf6 2. Nf3 e6 3. Bg5 c5 4. e3 Be7 5. Bd3 b6 6. 0-0 Bb7 7. Nbd2 0-0 8. c3 cxd4 9. exd4 d6 10. a4 a6 11. Qe2 Nbd7 12. Rfe1 Re8 13. Rad1 Qc7 14. Ne4 h6 15. Nxf6+ Nxf6 16. Bxf6 Bxf6 17. Be4 Bc6 18. Ra1 e5 19. Bxc6 Qxc6 20. dxe5 dxe5 21. Nd2 Re6 22. Qc4 Qb7 23. Re2 Rc8 24. Qb3 Rce8 25. Rae1 Qc6 26. Re4 Kh8 27. Qc4 Qb7 28. Nf3 b5 29. axb5 axb5 30. Qe2 Qd5 31. Rd1 Qc5 32. Rd7 R6e7 33. Qd3 Rxd7 34. Qxd7 Re7 35. Qd3 Re6 36. g3 Rd6 37. Qe3 Rd1+ 38. Kg2 Qd5 39. Qe2 g6 40. Rb4 Rd3 41. Qe4 Bg7 42. Qxd5 Rxd5 43. c4 bxc4 44. Rxc4 Rb5 45. Rc2 e4 46. Nd2 f5 47. Nc4 Rc5 48. f3 Bxb2 49. fxe4 fxe4 50. Rxb2 Rxc4 51. Kf2 Kg7 52. Ke3 Kf6 53. Rb6+ Kf5 54. Rb5+ Kg4 55. Rb6 Kh5 56. g4+ 1/2-1/2